书目信息 |
| 题名: |
中级财务管理历年真题全解
|
|
| 作者: | ;中华会计网校 编 | |
| 分册: | ||
| 出版信息: | 北京 人民出版社 2019 |
|
| 页数: | 121页 | |
| 开本: | 24cm | |
| 丛书名: | 梦想成真系列辅导丛书 | |
| 单 册: | ||
| 中图分类: | F275-44 | |
| 科图分类: | ||
| 主题词: | 企业管理--qi ye guan li--财务管理--会计人员--资格考试--问题解答 | |
| 电子资源: | ||
| ISBN: | 978-7-01-020441-3 | |
| 000 | 01007oam2 2200265 450 | |
| 001 | 2131760241 | |
| 005 | 20210930094426.0 | |
| 010 | @a978-7-01-020441-3@dCNY28.00 | |
| 100 | @a20190731d2019 em y0chiy50 ea | |
| 101 | 0 | @achi |
| 102 | @aCN@b110000 | |
| 105 | @ay zq 000yy | |
| 106 | @ar | |
| 200 | 1 | @a中级财务管理历年真题全解@Azhong ji cai wu guan li li nian zhen ti quan jie@e2019@f中华会计网校编 |
| 210 | @a北京@c人民出版社@d2019 | |
| 215 | @a121页@d24cm | |
| 225 | 2 | @a梦想成真系列辅导丛书@Ameng xiang cheng zhen xi lie fu dao cong shu |
| 300 | @a2019年度全国会计专业技术资格考试 2019年度中级会计职称梦想成真系列 进阶5 | |
| 330 | @a本书收录2014-2018年度全国会计专业技术资格考试中级会计资格《财务管理》试题。 | |
| 461 | 0 | @12001 @a梦想成真系列辅导丛书 |
| 606 | 0 | @a企业管理@Aqi ye guan li@x财务管理@x会计人员@x资格考试@j问题解答 |
| 690 | @aF275-44@v5 | |
| 711 | 02 | @a中华会计网校@Azhong hua hui ji wang jiao@4编 |
| 801 | 0 | @aCN@b百万庄@c20210930 |
| 905 | @b1304042-45@dF275-44@e1794@f4 | |
| 中级财务管理历年真题全解:2019/中华会计网校编.-北京:人民出版社,2019 |
| 121页;24cm.-(梦想成真系列辅导丛书) |
| 2019年度全国会计专业技术资格考试 2019年度中级会计职称梦想成真系列 进阶5 |
| ISBN 978-7-01-020441-3:CNY28.00 |
| 本书收录2014-2018年度全国会计专业技术资格考试中级会计资格《财务管理》试题。 |
| ● |
| 相关链接 |
|
|
|
|
正题名:中级财务管理历年真题全解
索取号:F275-44/1794
 
预约/预借
| 序号 | 登录号 | 条形码 | 馆藏地/架位号 | 状态 | 备注 |
| 1 | 1304042 | 213040421 | 第一样本阅览室/ [索取号:F275-44/1794] | 在馆 | |
| 2 | 1304043 | 213040430 | 第一借阅区/ [索取号:F275-44/1794] | 在馆 | |
| 3 | 1304044 | 213040449 | 第一借阅区/ [索取号:F275-44/1794] | 在馆 | |
| 4 | 1304045 | 213040458 | 第一借阅区/ [索取号:F275-44/1794] | 在馆 |